Statystyki dla najwspanialsze budowle ludzkości

Kliknij tutaj aby rozwiązać quiz!

Ogólne statystyki

  • Ten quiz został rozwiązany 35 razy
  • Średni wynik to 8 z 21

Statystyki odpowiedzi

Odpowiedź% Poprawnych
Piramida Cheopsa
83%
Wieża Eiffla
79%
Koloseum
75%
Statua Wolności
63%
Machu Picchu
58%
Partenon
58%
Wielki mur Chiński
58%
Notre Dame
54%
Terakotowa armia
54%
Zamek w Malborku
46%
Fontanna di trevi
33%
Kolos z Rodos
33%
Hagia Sofia
29%
Angkor Wat
17%
Chichen itza
17%
Wiszące ogrody Babilonu
8%
Katedra Akwizgrańska
4%
Teotihuacan
4%
Grobowiec w Sakkarze
0%
Sobór Wasyla Błogosławonego
0%
Wielkie Zimbabwe
0%

Rozkład punktacji

Percentyl według liczby udzielonych odpowiedzi

Procent ludzi z każdym wynikiem

Twoja historia wyników

Nie rozwiązałeś tego quizu